|
|
|
|
| LEADER |
00000nam0a2200000 4500 |
| 001 |
120178 |
| 005 |
20231031124909.0 |
| 035 |
|
|
|a (RuTPU)RU\TPU\book\130123
|
| 090 |
|
|
|a 120178
|
| 100 |
|
|
|a 20070817d1960 km y0rusy50 ca
|
| 101 |
0 |
|
|a rus
|
| 102 |
|
|
|a UZ
|
| 105 |
|
|
|a a z 001zy
|
| 200 |
1 |
|
|a Аммонизированный суперфосфат из фосфоритов Каратау
|f М. Н. Набиев, А. А. Вишнякова
|g Институт химии АН УзССР
|
| 210 |
|
|
|a Ташкент
|c Изд-во АН УзССР
|d 1960
|
| 215 |
|
|
|a 177 с.
|c ил.
|
| 320 |
|
|
|a Библиогр.: с. 172-175.
|
| 610 |
1 |
|
|a суперфосфат
|
| 610 |
1 |
|
|a фосфориты
|
| 610 |
1 |
|
|a Каратау
|
| 610 |
1 |
|
|a переработка
|
| 610 |
1 |
|
|a производство
|
| 610 |
1 |
|
|a получение
|
| 675 |
|
|
|a 661.6
|v 3
|
| 700 |
|
1 |
|a Набиев
|b М. Н.
|g Малик Набиевич
|
| 701 |
|
1 |
|a Вишнякова
|b А. А.
|
| 712 |
0 |
2 |
|a Академия наук Узбекской ССР (АН УзССР)
|b Институт химии
|2 stltpush
|3 (RuTPU)RU\TPU\col\8034
|
| 801 |
|
1 |
|a RU
|b 63413507
|c 20070817
|g PSBO
|
| 801 |
|
2 |
|a RU
|b 63413507
|c 20080922
|g PSBO
|
| 942 |
|
|
|c BK
|